| 000 | 00692nam a2200253 a 4500 | ||
|---|---|---|---|
| 001 | 41874 | ||
| 003 | AR-BaAGN | ||
| 005 | 20231116150518.0 | ||
| 007 | ta | ||
| 008 | 220625s1980 ag |||||r|||| ||||||spa d | ||
| 040 |
_dAR-BaAGN _aAR-BaAGN _bspa _eaacr |
||
| 100 | 1 | _aGraiver, Bernando | |
| 245 | 1 | 0 |
_aArgentina bíblica y biblónica : _bhistoria de la humanidad en la Argentina bíblica y biblónica |
| 250 | _a1ª ed. | ||
| 260 |
_aBuenos Aires : _bAlbatros, _c1980. |
||
| 300 | _a544 páginas | ||
| 336 |
_2rdacontent _btxt |
||
| 337 |
_2rdamedia _bn |
||
| 338 |
_2rdacarrier _bnc |
||
| 650 | 4 |
_aARQUEOLOGÍA _91364 |
|
| 651 | 4 |
_aArgentina _93645 |
|
| 942 | _cLIBRO | ||
| 999 |
_c41874 _d41874 |
||